Project management in health and community services : (Record no. 32478)

000 -LEADER
fixed length control field 00645nam a22001937a 4500
008 - FIXED-LENGTH DATA ELEMENTS--GENERAL INFORMATION
fixed length control field 260603b |||||||| |||| 00| 0 eng d
020 ## - INTERNATIONAL STANDARD BOOK NUMBER
International Standard Book Number 9781760632816
050 ## - LIBRARY OF CONGRESS CALL NUMBER
Classification number RA971
Item number .D89 2019
100 ## - MAIN ENTRY--PERSONAL NAME
Personal name Dwyer Judith
245 ## - TITLE STATEMENT
Title Project management in health and community services :
Remainder of title Getting good ideas to work /
Statement of responsibility, etc. Judith Dwyer
250 ## - EDITION STATEMENT
Edition statement 3rd ed.
260 ## - PUBLICATION, DISTRIBUTION, ETC. (IMPRINT)
Place of publication, distribution, etc. Australia :
Name of publisher, distributor, etc. Allen &Unwin ,
Date of publication, distribution, etc. 2019.
300 ## - PHYSICAL DESCRIPTION
Extent xx,244p. :
Other physical details ill. ;
Dimensions 22cm.
504 ## - BIBLIOGRAPHY, ETC. NOTE
Bibliography, etc Includes bibliographical references and index
650 ## - SUBJECT ADDED ENTRY--TOPICAL TERM
Topical term or geographic name as entry element Project management
700 ## - ADDED ENTRY--PERSONAL NAME
Personal name Liang Zhanming
700 ## - ADDED ENTRY--PERSONAL NAME
Personal name Thiessen Valerie
942 ## - ADDED ENTRY ELEMENTS (KOHA)
Source of classification or shelving scheme
Koha item type Hard Covered Materials
Classification part RA971
Suppress in OPAC .D89 2019
Holdings
Withdrawn status Lost status Source of classification or shelving scheme Damaged status Not for loan Home library Current library Shelving location Date acquired Source of acquisition Total Checkouts Full call number Barcode Date last seen Price effective from Koha item type
          MACHAKOS UNIVERSITY LIBRARY MACHAKOS UNIVERSITY LIBRARY Open shelf 21/05/2026 KNTCC   RA971 .D89 2019 40579 03/06/2026 03/06/2026 Hard Covered Materials
© Machakos University Library, Along The Highway, Machakos Wote Rd, Machakos, Kenya P.O. Box 136 - 90100 Machakos - Kenya

Tel: ( +254 ) 723 805829 OR Fax : 044-20353 OR Email: library@mksu.ac.ke